La importancia de los clusters para la competitividad de las PYME en una economía global /

En este trabajo se analiza la importancia de los clusters para las Pequeñas y Medianas Empresas (PYME), en su camino hacia economías cada vez más globalizadas y basadas en el conocimiento. Para ello se estudia la influencia que tiene la globalización sobre las economías locales, así como la importan...

Descripción completa

Detalles Bibliográficos
Autor principal: Capó-Vicedo, Josep
Otros Autores: Expósito-Langa, Manuel, Masiá-Buades, Enrique
Formato: Analitica de revista
Lenguaje:español
Publicado: Santiago, Chile Pontificia Universidad Católica de Chile 2007

MARC

LEADER 00000cab a2200000 a 4500
001 033071
003 UAHC_CL
005 20170803123605.0
008 050722b xx j 000 1 spa
040 |a UAHC_CL  |c UAHC_CL  |d UAHC_CL 
100 1 |a Capó-Vicedo, Josep 
245 1 3 |a La importancia de los clusters para la competitividad de las PYME en una economía global /  |c Josep Capó-Vicedo, Manuel Expósito-Langa, Enrique Masiá-Buades. 
260 |b Pontificia Universidad Católica de Chile  |c 2007  |a Santiago, Chile 
300 |a pp. 119-133 
500 |a EURE (Santiago), Abril 2007, vol.33, no.98, p. 119-133 
520 |a En este trabajo se analiza la importancia de los clusters para las Pequeñas y Medianas Empresas (PYME), en su camino hacia economías cada vez más globalizadas y basadas en el conocimiento. Para ello se estudia la influencia que tiene la globalización sobre las economías locales, así como la importancia de la concentración geográfica de las empresas para aumentar su competitividad. Entre las conclusiones obtenidas destaca el hecho de que en estas concentraciones se pueden establecer verdaderas comunidades de conocimiento, en las que éste se genere e intercambie, al mismo tiempo que se potencia la innovación, con lo que se consigue aumentar su ventaja competitiva. Finalmente, se estudia brevemente el caso del Cluster Textil Valenciano (España), validando lo visto en la parte teórica del artículo 
520 |a En este trabajo se analiza la importancia de los clusters para las Pequeñas y Medianas Empresas (PYME), en su camino hacia economías cada vez más globalizadas y basadas en el conocimiento. Para ello se estudia la influencia que tiene la globalización sobre las economías locales, así como la importancia de la concentración geográfica de las empresas para aumentar su competitividad. Entre las conclusiones obtenidas destaca el hecho de que en estas concentraciones se pueden establecer verdaderas comunidades de conocimiento, en las que éste se genere e intercambie, al mismo tiempo que se potencia la innovación, con lo que se consigue aumentar su ventaja competitiva. Finalmente, se estudia brevemente el caso del Cluster Textil Valenciano (España), validando lo visto en la parte teórica del artículo 
700 1 |a Expósito-Langa, Manuel 
700 1 |a Masiá-Buades, Enrique 
700 1 |a Expósito-Langa, Manuel 
700 1 |a Masiá-Buades, Enrique 
759 |a PP072 
773 0 |t EURE  |w 032794 
900 |a EURE-98/07 
942 |c REVA 
952 |0 0  |1 0  |4 0  |6 EURE_98_07_000000000000000  |7 0  |8 General  |9 63560  |a BC  |b BC  |c General  |d 2017-08-03  |l 0  |o EURE-98/07  |p FICTICIO3826  |r 2019-01-08 00:00:00  |t 1  |w 2017-08-03  |y REVA 
999 |c 33071  |d 33071